000
00321nam a22001577a 4500
003
SGT
020
_a
9780195167399
082
_a
150,ARK
100
_a
ARKING, ROBERT
245
_a
BIOLOGY OF AGING
250
_a
3RD
260
_a
NEW DELHI
_b
OXFORD
_c
2006
300
_a
604
650
_a
PSYCHOLOGY
942
_2
ddc
_c
BK
999
_c
26800
_d
26800